| 000 | 00449nam a2200169Ia 4500 | ||
|---|---|---|---|
| 008 | 250827s9999 xx 000 0 und d | ||
| 020 | _a978-1-0324-6867-9 | ||
| 082 | _a621.3822 SAD | ||
| 100 | _aSadiku, Matthew N. O. | ||
| 245 | 0 | _aSignal & Systems: aprimer with Matlab | |
| 250 | _a2nd ed. | ||
| 260 |
_aNew York _bCRC Press _c2016 |
||
| 300 | _a450p. | ||
| 600 | _aElectronic Engineering | ||
| 650 | _aEngineering Technology | ||
| 942 | _cBBD | ||
| 999 |
_c31548 _d31548 |
||